LEADER 01217nam a22002891i 4500 001 991002210889707536 005 20030517182008.0 008 030925s1965 gr |||||||||||||||||mul 035 $ab12257369-39ule_inst 035 $aARCHE-030496$9ExL 040 $aBiblioteca Interfacoltà$bita$cA.t.i. Arché s.c.r.l. Pandora Sicilia s.r.l. 041 0 $agregerfre 082 04$a016.88 100 1 $aEnepekides, Polychrones K.$0452714 245 10$aRegas, Hypselantes, Kapodistrias :$bereunai eis ta archeia tes Austrias, Germanias, Italias, Gallias kai Hellados /$cPolychrone K. Enepekide 260 $a[Athena] :$bBibliopoleion tes Hestias Ioannou D. Kollarou & S.ias,$c1965 300 $a1 v. ;$c24 cm 440 0$aQuellen und Forschungen zur Geschichte des Griechentums seit 1453 ;$v1 650 4$aRegas, Belestinles 650 4$aYpsilanti, Alexandros 650 4$aCapodistrias, John 907 $a.b12257369$b02-04-14$c08-10-03 912 $a991002210889707536 945 $aLE002 Gr. III L 11$g1$i2002000676696$lle002$o-$pE0.00$q-$rl$s- $t0$u0$v0$w0$x0$y.i12646775$z08-10-03 996 $aRegas, Hypselantes, Kapodistrias$9151481 997 $aUNISALENTO 998 $ale002$b08-10-03$cm$da $e-$fmul$ggr $h0$i1 LEADER 01448aam 2200385I 450 001 9910710545603321 005 20160606093150.0 024 8 $aGOVPUB-C13-5ba4ac4a1ade5424feb92629932364b4 035 $a(CKB)5470000002477842 035 $a(OCoLC)951215504 035 $a(EXLCZ)995470000002477842 100 $a20160606d1986 ua 0 101 0 $aeng 181 $2rdacontent 182 $2rdamedia 183 $2rdacarrier 200 10$aCenter for Electronics and Electrical Engineering $etechnical publication announcements covering center programs, October to December 1985 with 1986 CEEE events calendar /$fE. Jane Walters 210 1$aGaithersburg, MD :$cU.S. Dept. of Commerce, National Institute of Standards and Technology,$d1986. 215 $a1 online resource 225 1 $aNBSIR ;$v86-3424 300 $a1986. 300 $aContributed record: Metadata reviewed, not verified. Some fields updated by batch processes. 300 $aTitle from PDF title page. 320 $aIncludes bibliographical references. 517 $aCenter for Electronics and Electrical Engineering 700 $aWalters$b E. Jane$01390287 701 $aWalters$b E. Jane$01390287 712 02$aUnited States.$bNational Bureau of Standards. 801 0$bNBS 801 1$bNBS 801 2$bGPO 906 $aBOOK 912 $a9910710545603321 996 $aCenter for Electronics and Electrical Engineering$93442896 997 $aUNINA LEADER 01731nam 2200469 450 001 9910813059003321 005 20180504124942.0 010 $a1-4962-1370-X 010 $a1-4962-1368-8 035 $a(CKB)4100000007544375 035 $a(MiAaPQ)EBC5634037 035 $a(EXLCZ)994100000007544375 100 $a20190211d2019 uy 0 101 0 $aeng 135 $aurcnu|||||||| 181 $ctxt$2rdacontent 182 $cc$2rdamedia 183 $acr$2rdacarrier 200 10$aBe with me always $eessays /$fRandon Billings Noble 210 1$aLincoln ;$aLondon :$cUniversity of Nebraska Press,$d2019. 215 $a1 online resource (186 pages) 311 $a1-4962-0504-9 320 $aIncludes bibliographical references. 327 $aI. Whatever bed -- II. Shadows and markings -- III. Biologies -- IV. The voice at the window -- IV. On looking -- V. The red thread. 330 $a""Be with Me Always" is a collection ot essays that explore hauntedness, not through conventional ghost stories but by considering the way our pasts cling to our imaginations. Noble considers ways she has been haunted--by a near-death experience, the gaze of a nude model, Anne Boleyn's violent death" --$cProvided by publisher. 606 $aNear-death experiences 606 $aDe?ja? vu 606 $aMemory 606 $aLife change events 615 0$aNear-death experiences. 615 0$aDe?ja? vu. 615 0$aMemory. 615 0$aLife change events. 676 $a814.6 700 $aNoble$b Randon Billings$01593419 801 0$bMiAaPQ 801 1$bMiAaPQ 801 2$bMiAaPQ 906 $aBOOK 912 $a9910813059003321 996 $aBe with me always$93913538 997 $aUNINA